| 000 | 00496nam a22001817a 4500 | ||
|---|---|---|---|
| 005 | 20160517112204.0 | ||
| 010 | _aENG-115093 | ||
| 020 |
_a9788179261729 _c200.00 |
||
| 035 | _aEN-98625 | ||
| 037 | _bDBAD/PUB | ||
| 082 | _a551.553 | ||
| 100 | _aDatta, Ratul | ||
| 245 |
_aCyclone the terror / _cby Ratul Datta |
||
| 260 |
_aKolkata _bBest Books _c2015 |
||
| 270 |
_a1A college Row, _bKolkata _e700009 |
||
| 300 |
_a152p. : _c21cm(pbk) _bill. |
||
| 942 |
_2ddc _cEN _mDAT _h551.553 |
||
| 999 |
_c99917 _d99917 |
||